Fundamentals of physics. | volume II. vibrations and waves. quantum physics of atoms, molecules and solids. physics of the nucleus and elementary particles/ (Record no. 163712)
[ view plain ]
| 000 -LEADER | |
|---|---|
| fixed length control field | 00799nam a2200217 a 4500 |
| 008 - FIXED-LENGTH DATA ELEMENTS--GENERAL INFORMATION | |
| fixed length control field | |
| 049 ## - LOCAL HOLDINGS (OCLC) | |
| Holding library | MAIN |
| 090 ## - LOCALLY ASSIGNED LC-TYPE CALL NUMBER (OCLC); LOCAL CALL NUMBER (RLIN) | |
| Classification number (OCLC) (R) ; Classification number, CALL (RLIN) (NR) | QC21.2 |
| 003 - CONTROL NUMBER IDENTIFIER | |
| control field | |
| 005 - DATE AND TIME OF LATEST TRANSACTION | |
| control field | 20230123134318.0 |
| 040 ## - CATALOGING SOURCE | |
| Transcribing agency | NUST |
| 100 1# - MAIN ENTRY--PERSONAL NAME | |
| Personal name | Yavorsky, B. M. |
| 245 10 - TITLE STATEMENT | |
| Title | Fundamentals of physics. |
| -- | volume II. vibrations and waves. quantum physics of atoms, molecules and solids. physics of the nucleus and elementary particles/ |
| Remainder of title | translated from the Russian by Boris Kuznetsov./ |
| Statement of responsibility, etc. | B.M Yavorsky and A.A Pinsky. |
| 260 ## - PUBLICATION, DISTRIBUTION, ETC. | |
| Place of publication, distribution, etc. | Moscow : |
| Name of publisher, distributor, etc. | MIR Publishers, |
| Date of publication, distribution, etc. | 1987 |
| 300 ## - PHYSICAL DESCRIPTION | |
| Extent | 488 p. : |
| Other physical details | ill. ; |
| Dimensions | 22cm. |
| 500 ## - GENERAL NOTE | |
| General note | Translated from the Russian by Boris Kuznetsov. |
| 500 ## - GENERAL NOTE | |
| General note | Includes index. |
| 700 ## - ADDED ENTRY--PERSONAL NAME | |
| Personal name | Pinsky A. A. |
| 907 ## - LOCAL DATA ELEMENT G, LDG (RLIN) | |
| a | .b10223629 |
| b | 16-01-07 |
| c | 16-01-07 |
| 942 ## - ADDED ENTRY ELEMENTS (KOHA) | |
| Koha item type | Ordinary Loan Books |
| Call number prefix | QC21.2 |
| Date last seen | Total Checkouts | Full call number | Barcode | Cost, replacement price | Price effective from | Koha item type | Lost status | Source of classification or shelving scheme | Damaged status | Not for loan | Collection | Withdrawn status | Home library | Current library | Shelving location | Date acquired | Cost, normal purchase price |
|---|---|---|---|---|---|---|---|---|---|---|---|---|---|---|---|---|---|
| 01/23/2023 | 8 | QC21.2 YAV | 92003014521 | 80.00 | 01/23/2023 | BOOKS | lcc | 1 | NFIC | MAIN | MAIN | GEN | 01/23/2023 | 80.00 |